Urban and regional planning in India /

Bibliographic Details
Main Author: Sundaram, Kavasseri Vanchi, 1929-
Format: Book
Language:English
Published: New Delhi : Vikas Pub. House, [1977]
Subjects:

MARC

Tag First Indicator Second Indicator Subfields
LEADER 00000cam a2200000 i 4500
001 in00000029772
005 20151007062930.0
008 800124s1977 ii ab b 00110 eng
010 |a  77907131  
020 |a 0706905369  |c Rs85.00 
035 |a (OCoLC)04259419 
035 |9 AAD6128AM 
040 |a DLC  |c DLC  |d TXA  |d UtOrBLW 
043 |a a-ii--- 
049 |a TXAM  |c [1192237] 
050 0 0 |a HT169.I5  |b S85 
082 0 |a 361.6/0954 
100 1 |a Sundaram, Kavasseri Vanchi,  |d 1929- 
245 1 0 |a Urban and regional planning in India /  |c K. V. Sundaram. 
264 1 |a New Delhi :  |b Vikas Pub. House,  |c [1977] 
264 4 |c ©1977 
300 |a xiii, 432 pages :  |b illustrations, maps ;  |c 23 cm. 
336 |a text  |b txt  |2 rdacontent 
337 |a unmediated  |b n  |2 rdamedia 
338 |a volume  |b nc  |2 rdacarrier 
504 |a Includes bibliographical references and index. 
650 0 |a City planning  |z India. 
650 0 |a Regional planning  |z India. 
999 |a MARS 
999 f f |s 19c68e21-cb78-3816-ba40-dcace3224d00  |i 6fea9591-fa00-3b2c-bb15-1adcf726238b  |t 0 
952 f f |p ric  |a Texas A&M University  |b Rellis Campus  |c Joint Library Facility  |d Remote Storage  |t 0  |e HT169.I5 S85  |h Library of Congress classification  |i unmediated -- volume  |m A14802997763 
998 f f |a HT169.I5 S85  |t 0  |l Remote Storage